| 000 | 00586nam a2200217 a 4500 | ||
|---|---|---|---|
| 001 | 13604 | ||
| 003 | BD-RjUL | ||
| 005 | 20211208235500.0 | ||
| 008 | 140201r19881987enk 000 1 eng d | ||
| 020 | _a0140299939 | ||
| 035 | _a(BD-RjUL)13656 | ||
| 040 |
_aUkOxU _beng _cUkOxU _dBD-RjUL |
||
| 041 | _aeng | ||
| 082 | 0 | 4 |
_221 _a813.54 _bBOW 1988 |
| 100 | 1 |
_aBoyle, T. Coraghessan. _942566 |
|
| 245 | 1 | 0 |
_aWorld's end : _ba novel / _cT Coraghessan Boyle. |
| 260 |
_aLondon : _bPenguin Books, _cc1988 |
||
| 300 |
_a456 p. ; _c19 cm. |
||
| 650 | 0 | 7 |
_2SLSH _aFiction. _942567 |
| 942 |
_2ddc _cBK |
||
| 999 |
_c13604 _d13604 |
||